000 00508nam a2200157Ia 4500
005 20250220011409.0
008 240331s9999 xx 000 0 und d
020 _a9879558564165
082 _bNAD
_26753
_a923
100 _aNadan, S
245 0 _aIlaignar Talapathi Ira. Sivalingam
260 _aColombo
_bColombo Tamil Sanngam
_c2010
300 _a132 p.,
500 _aA book about Ira Sivalingam, who was known as Ilaignar Talapathi, was a teacher who taught the Malayaha people of Sri Lanka.
942 _cL
999 _c5745
_d5745